|
|
|
|
| LEADER |
02106nam a2200493 i 4500 |
| 001 |
EBC1706777 |
| 003 |
MiAaPQ |
| 005 |
20200520144314.0 |
| 006 |
m o d | |
| 007 |
cr cnu|||||||| |
| 008 |
141013t20142014nyua ob 001 0 eng d |
| 020 |
|
|
|z 9781137345394
|
| 020 |
|
|
|a 9781137340986 (e-book)
|
| 035 |
|
|
|a (MiAaPQ)EBC1706777
|
| 035 |
|
|
|a (Au-PeEL)EBL1706777
|
| 035 |
|
|
|a (CaPaEBR)ebr10951631
|
| 035 |
|
|
|a (CaONFJC)MIL616989
|
| 035 |
|
|
|a (OCoLC)893487175
|
| 040 |
|
|
|a MiAaPQ
|b eng
|e rda
|e pn
|c MiAaPQ
|d MiAaPQ
|
| 043 |
|
|
|a a-ja---
|a a-ko---
|
| 050 |
|
4 |
|a HC465.E5
|b .H78 2014
|
| 082 |
0 |
|
|a 338.952/07
|2 23
|
| 100 |
1 |
|
|a Hsu, Sara,
|e author.
|
| 245 |
1 |
0 |
|a Lessons in sustainable development from Japan and South Korea /
|c Sara Hsu, Michio Naoi, Wenjie Zhang.
|
| 250 |
|
|
|a First edition.
|
| 264 |
|
1 |
|a New York, New York :
|b Palgrave Macmillan,
|c 2014.
|
| 264 |
|
4 |
|c 2014
|
| 300 |
|
|
|a 1 online resource (125 pages) :
|b illustrations.
|
| 336 |
|
|
|a text
|2 rdacontent
|
| 337 |
|
|
|a computer
|2 rdamedia
|
| 338 |
|
|
|a online resource
|2 rdacarrier
|
| 490 |
1 |
|
|a Comparative Studies of Sustainable Development in Asia
|
| 504 |
|
|
|a Includes bibliographical references and index.
|
| 588 |
|
|
|a Description based on print version record.
|
| 590 |
|
|
|a Electronic reproduction. Ann Arbor, MI : ProQuest, 2015. Available via World Wide Web. Access may be limited to ProQuest affiliated libraries.
|
| 650 |
|
0 |
|a Sustainable development
|z Japan.
|
| 650 |
|
0 |
|a Sustainable development
|z Korea (South)
|
| 655 |
|
4 |
|a Electronic books.
|
| 700 |
1 |
|
|a Naoi, Michio,
|e author.
|
| 700 |
1 |
|
|a Zhang, Wenjie,
|e author.
|
| 776 |
0 |
8 |
|i Print version:
|a Hsu, Sara.
|t Lessons in sustainable development from Japan and South Korea.
|b First edition.
|d New York, New York : Palgrave Macmillan, c2014
|h xii, 112 pages
|k Comparative studies of sustainable development in Asia.
|z 9781137345394
|w 2014022459
|
| 797 |
2 |
|
|a ProQuest (Firm)
|
| 830 |
|
0 |
|a Comparative studies of sustainable development in Asia.
|
| 856 |
4 |
0 |
|u https://ebookcentral.proquest.com/lib/matrademy/detail.action?docID=1706777
|z Click to View
|